Trách nhiệm giải trình của cơ quan hành chính nhà nước ở Việt Nam hiện nay
Trình bày cơ sở khoa học về trách nhiệm giải trình của cơ quan hành chính nhà nước; thực trạng và phương hướng, giải pháp nhằm bảo đảm trách nhiệm giải trình của cơ quan hành chính nhà nước ở Việt Nam...
Đã lưu trong:
| Tác giả chính: | |
|---|---|
| Định dạng: | Sách |
| Ngôn ngữ: | Undetermined |
| Được phát hành: |
Hà Nội
Lý luận Chính trị
2020
|
| Những chủ đề: | |
| Các nhãn: |
Thêm thẻ
Không có thẻ, Là người đầu tiên thẻ bản ghi này!
|
| Thư viện lưu trữ: | Trung tâm Học liệu Trường Đại học Cần Thơ |
|---|
| LEADER | 00991nam a2200205Ia 4500 | ||
|---|---|---|---|
| 001 | CTU_239980 | ||
| 008 | 210402s9999 xx 000 0 und d | ||
| 082 | |a 352.309597 | ||
| 082 | |b S105 | ||
| 100 | |a Nguyễn, Minh Sản | ||
| 245 | 0 | |a Trách nhiệm giải trình của cơ quan hành chính nhà nước ở Việt Nam hiện nay | |
| 245 | 0 | |c Nguyễn Minh Sản (Chủ biên) | |
| 260 | |a Hà Nội | ||
| 260 | |b Lý luận Chính trị | ||
| 260 | |c 2020 | ||
| 520 | |a Trình bày cơ sở khoa học về trách nhiệm giải trình của cơ quan hành chính nhà nước; thực trạng và phương hướng, giải pháp nhằm bảo đảm trách nhiệm giải trình của cơ quan hành chính nhà nước ở Việt Nam | ||
| 650 | |a Hành chính công,Public administration | ||
| 650 | |z Việt Nam,Vietnam | ||
| 910 | |b nthai | ||
| 980 | |a Trung tâm Học liệu Trường Đại học Cần Thơ | ||